000 00818nam a22001937a 4500
003 OSt
005 20250204151734.0
008 240827b ||||| |||| 00| 0 eng d
040 _c0
082 _aDPer 658.8 J826 Winter-Spring 2021 v. 29 n. 1-2
100 _aTarka, Piotr.
_eauthor.
_958947
245 _aClinical Screener (CS) :
_binstrument refinement and comparison of compulsive buying among Polish young consumers of Eastern Europe to Western culture /
_cPiotr Tarka and Jasurbek Babaev.
260 _aUSA ;
_bTaylor & Francis Group,
_cSpring 2021.
300 _avolume 29, pages 210-232,
_billustration.
500 _aJournal of Marketing Theory and Practice, vol. 29, pages 210-232, Spring 2021.
700 _aTarka, Piotr.
_eauthor.
_958947
700 _aBabaev, Jasurbek.
_eauthor.
_958948
942 _2ddc
_cPER
999 _c20867
_d20867